Zdĺhavá cesta za dolármi
Cestovný ruch na Slovensku v r. 1994 a v minulých rokoch. Devízové príjmy z cestovného ruchu. Pomalý rozvoj turizmu na Slovensku. Vznik Združenia podnikateľov agroturistiky Slovenska. Pomoc dedine zo strany štátu - poskytovanie dotácií. Úloha bratislavského Ústavu turizmu. Českí turisti na Slovensku...
Enregistré dans:
| Auteur principal: | |
|---|---|
| Format: | Chapitre de livre |
| Langue: | slovaque |
| Sujets: | |
| Tags: |
Pas de tags, Soyez le premier à ajouter un tag!
|
MARC
| LEADER | 00000naa a2200000 4500 | ||
|---|---|---|---|
| 001 | r015931 | ||
| 005 | 20221213082146.5 | ||
| 041 | 0 | |a slo | |
| 044 | |a CZ | ||
| 245 | 1 | 0 | |a Zdĺhavá cesta za dolármi |c M. Zábojníková |
| 520 | |a Cestovný ruch na Slovensku v r. 1994 a v minulých rokoch. Devízové príjmy z cestovného ruchu. Pomalý rozvoj turizmu na Slovensku. Vznik Združenia podnikateľov agroturistiky Slovenska. Pomoc dedine zo strany štátu - poskytovanie dotácií. Úloha bratislavského Ústavu turizmu. Českí turisti na Slovensku. | ||
| 610 | 2 | 0 | |a ruch cestovný |
| 610 | 2 | 0 | |a agroturistika |
| 610 | 2 | 0 | |a turistika |
| 610 | 2 | 0 | |a Slovensko |
| 100 | 1 | |a Zábojníková, M. | |